Around the Coastline of Eurasia-Africa Quiz Stats

Quiz Updated Mar 4, 2013

Challenge
Share
Tweet
Embed
Score 0/109 Timer 10:00
3 Plays Today
Country % Correct
Russia
100%
North Korea
84.4%
South Korea
84.2%
China
73.6%
Vietnam
72.4%
Cambodia
71.3%
Thailand
71%
North Korea
68.8%
India
68.7%
Pakistan
68.4%
Iran
67.9%
Malaysia
67.7%
Iraq
67.7%
Bangladesh
67.6%
Saudi Arabia
67.1%
Myanmar
67.1%
Kuwait
66.9%
Qatar
66%
Oman (Musandam)
65.9%
United Arab Emirates
65.8%
Saudi Arabia
64.9%
Thailand
64.9%
Yemen
63.2%
Saudi Arabia
62.8%
Egypt
62.5%
Israel
60.9%
Somalia
60.8%
Jordan
60.4%
Eritrea
60.4%
Oman
60.4%
United Arab Emirates
60.2%
Djibouti
60.1%
South Africa
60.1%
Kenya
60%
Sudan
60%
Tanzania
59.5%
Mozambique
59.4%
Country % Correct
Namibia
59.2%
Angola
59%
Democratic Republic of the Congo
57.4%
Togo
54.3%
Cameroon
54.2%
Benin
53.8%
Nigeria
53.8%
Ivory Coast
53.6%
Ghana
53.6%
Equatorial Guinea
53.4%
Gabon
53.4%
Liberia
52.9%
Republic of the Congo
52.9%
Morocco
52.5%
Senegal
52.4%
Sierra Leone
52.2%
Guinea
51.9%
The Gambia
51.6%
Egypt
51.5%
Algeria
51.5%
Libya
51.5%
Tunisia
51.5%
Mauritania
51.3%
Guinea-Bissau
51.3%
Senegal
51.1%
Spain (Ceuta)
50.5%
Angola (Cabinda)
50.3%
Morocco
50.2%
Morocco
50%
Israel
49.9%
Turkey
49.5%
Lebanon
49.4%
Syria
49.1%
Spain (Melilla)
49%
Palestine
45.9%
Greece
45.4%
Albania
44%
Country % Correct
Italy
43.6%
Georgia
43.2%
Russia
42.9%
France
42.9%
France
42.7%
Monaco
42.6%
Ukraine
42.5%
Bulgaria
42.5%
Turkey
42.5%
Montenegro
42.4%
Portugal
42.4%
Spain
42.3%
Romania
42.2%
France
42.2%
Spain
42.1%
Croatia
42%
Slovenia
41.9%
Belgium
41.9%
Netherlands
41.8%
Croatia (Dubrovnik-Neretva)
41.7%
Spain
41.7%
Denmark
41.4%
Germany
41.3%
Bosnia and Herzegovina
41.3%
Germany
41%
Poland
40.9%
Finland
40.6%
Sweden
40.4%
Norway
40.2%
Lithuania
40.1%
Latvia
40.1%
Estonia
40.1%
Russia (Kaliningrad Oblast)
39.9%
Russia
39.7%
United Kingdom (Gibraltar)
39.5%

You're not logged in!

Compare scores with friends on all Sporcle quizzes.
Sign Up with Email
OR
Log In

You Might Also Like...

Show Comments

Extras

Top Quizzes Today


Score Distribution

Your Account Isn't Verified!

In order to create a playlist on Sporcle, you need to verify the email address you used during registration. Go to your Sporcle Settings to finish the process.